|
|
|
|
| LEADER |
00000nam0a2200000 4500 |
| 001 |
27974 |
| 005 |
20231030202525.0 |
| 010 |
|
|
|a 9856182999
|
| 035 |
|
|
|a (RuTPU)RU\TPU\book\28230
|
| 035 |
|
|
|a BOOK00028305
|
| 090 |
|
|
|a 27974
|
| 100 |
|
|
|a 20011209d2000 m y0rusy50 ca
|
| 101 |
0 |
|
|a rus
|
| 102 |
|
|
|a BY
|
| 105 |
|
|
|a a j 000zy
|
| 200 |
1 |
|
|a Основы начертательной геометрии и проекционное черчение
|e учебное пособие для средних спец. учеб. заведений
|f В. В. Држевецкий
|
| 210 |
|
|
|a Минск
|c Дизайн ПРО
|d 2000
|
| 215 |
|
|
|a 112 с.
|c ил.
|
| 610 |
1 |
|
|a математика
|
| 610 |
1 |
|
|a начертательная геометрия
|
| 610 |
1 |
|
|a проекционное черчение
|
| 610 |
1 |
|
|a теория
|
| 610 |
1 |
|
|a термины
|
| 610 |
1 |
|
|a понятия
|
| 610 |
1 |
|
|a упражнения
|
| 610 |
1 |
|
|a контрольные вопросы
|
| 610 |
1 |
|
|a типовые задачи
|
| 610 |
1 |
|
|a решения
|
| 610 |
1 |
|
|a ответы
|
| 610 |
1 |
|
|a учебные пособия
|
| 675 |
|
|
|a 514.18(075.32)
|v 3
|
| 675 |
|
|
|a 744(075.32)
|v 3
|
| 700 |
|
1 |
|a Држевецкий
|b В. В.
|g Владимир Владимирович
|
| 801 |
|
0 |
|a BY
|b 63413507
|c 20011209
|g PSBO
|
| 801 |
|
2 |
|a RU
|b 63413507
|c 20201116
|g PSBO
|
| 942 |
|
|
|c BK
|